Chính mình như một người khác = Soi=même come une autre : Khảo luận triết học Pháp hiện đại
Spremljeno u:
| Glavni autor: | |
|---|---|
| Format: | Knjiga |
| Jezik: | Undetermined |
| Izdano: |
H.
Thế Giới
2002
|
| Teme: | |
| Oznake: |
Dodaj oznaku
Bez oznaka, Budi prvi tko označuje ovaj zapis!
|
| Thư viện lưu trữ: | Trung tâm Học liệu Trường Đại học Cần Thơ |
|---|
| LEADER | 00591nam a2200181Ia 4500 | ||
|---|---|---|---|
| 001 | CTU_53553 | ||
| 008 | 210402s9999 xx 000 0 und d | ||
| 020 | |b 35000 | ||
| 082 | |a 194 | ||
| 082 | |b R541 | ||
| 100 | |a Paul Ricoeur | ||
| 245 | 0 | |a Chính mình như một người khác = Soi=même come une autre : Khảo luận triết học Pháp hiện đại | |
| 245 | 0 | |c Paul Ricoeur; Trịnh Văn Tùng dịch | |
| 260 | |a H. | ||
| 260 | |b Thế Giới | ||
| 260 | |c 2002 | ||
| 650 | |a philosophy, french | ||
| 980 | |a Trung tâm Học liệu Trường Đại học Cần Thơ | ||